000 00222 a2200097 4500
001 26855
100 _aFerozsons
245 _aEnglish to english and urdu idctionary
260 _a
_bFerozsons ltd
_c
090 _c18088
_d18088
942 _aNUST-CAE
_cM
_c8989
999 _c261928
_d261928